00999nas a2200241Ia 4500001001100000003000900011008004100020040001300061040001300074041001300087100003800100210001400138222001400152245009300166250001100259260002800270501008600298300001100384310001200395362003400407500026000441650005600701R236/45728IT-RoPAU151124c99999999xx |||||||||||| ||und|| aIT-RoPAU cIT-RoPAU aITALIANO aAA.VV. gCodice Aut. SPICS: 12000 aFOTOGRAFO aFotografo aFOTOGRAFO (IL), ANNO 01-N.01 (GENNAIO 1977)bFotografo (Il), Anno 01-N.01 (Gennaio 1977) a1a ed. aMILANObMONDADORIc1977 bPaulus - SPICS - Società San Paolo EM (non-commercial uses only)cCopyright2015 a106 p. aMENSILE aANNO 001, N.01 (GENNAIO 1977) aTecnica e Immagine Fotografica. Notizie. Recensioni di Libri di Fotografia. Diventa Leggero e Pratico il Medio Formato. Colore Senza Problemi. Sfida dei 400 Asa. Super 8 Passato Presente e Futuro. Fascino del Banale di Renato Gozzano. Soggetto Donna nella aCOMUNICAZIONE - FOTOGRAFIAvPUBBLICAZIONE PERIODICA